01450nam a2200361 a 4500001001200000003000800012006001900020007001500039008004100054010001700095020003100112020002800143040002100171035002100192050002700213082001500240245014100255260005300396300002300449490005200472504005300524533015200577650003200729650002700761655002900788700002100817700002200838700002700860710001700887830004100904856012600945999001701071ebr10329876CaPaEBRm u cr cn|||||||||090506s2009 gw a sb 001 0 eng  z 2009017662 z9783110196344 (alk. paper) z3110196344 (alk. paper) aCaPaEBRcCaPaEBR a(OCoLC)50080854914aPE1315.M6bM634 2009eb04a425/.622200aModality in Englishh[electronic resource] :btheory and description /cedited by Raphael Salkie, Pierre Busuttil, Johan van der Auwera. aBerlin ;aNew York :bMouton de Gruyter,cc2009. avi, 384 p. :bill.1 aTopics in English linguistics,x1434-3452 ;v58 aIncludes bibliographical references and indexes. aElectronic reproduction.bPalo Alto, Calif. :cebrary,d2013.nAvailable via World Wide Web.nAccess may be limited to ebrary affiliated libraries. 0aEnglish languagexModality. 0aModality (Linguistics) 7aElectronic books.2local1 aSalkie, Raphael.1 aBusuttil, Pierre.1 aAuwera, Johan van der.2 aebrary, Inc. 0aTopics in English linguistics ;v58.40uhttp://site.ebrary.com/lib/rucke/Doc?id=10329876zAn electronic book accessible through the World Wide Web; click to view c55395d55395